Folklor/edebiyat=folklore/literature (Record no. 11331)
[ view plain ]
| 000 -BAŞLIK | |
|---|---|
| Sabit Uzunlukta Kontrol Alanı | 00921na a2200313 4500 |
| 001 - KONTROL NUMARASI | |
| Denetim Alanı | 23211 |
| 003 - KONTROL NUMARASI IDENTIFIER | |
| Denetim Alanı | MIRAKIL |
| 005 - SON İŞLEM TARİHİ VE ZAMANI | |
| Denetim Alanı | 20190228220029.0 |
| 008 - SABİT-BOY VERİ ELEMANLARI - GENEL BİLGİLER | |
| Sabit Uzunlukta Kontrol Alanı | 170808b tu n0 0 0 |
| 022 ## - ULUSLARARASI STANDART SERİ NUMARASI | |
| Uluslararası Standart Süreli Yayın Numarası | 13007491 |
| 035 ## - SİSTEM KONTROL NUMARASI | |
| Sistem Kontrol Numarası | 20919 |
| 040 ## - KATALOGLAMA KAYNAK | |
| Orijinal Kataloglama Ajansı | Milas |
| Kataloglama Dili | tur |
| Metne Dönüştürmek Ajansı | TR-AnCHP |
| 041 ## - DİL KODU | |
| Metin / Ses Parça Veya Ayrı Başlığın Dil Kodu | tur |
| -- | eng |
| 082 ## - DEWEY ONLU SINIFLANDIRMA NUMARASI | |
| Sınıflandırma Numarası | CHP 050 |
| 090 ## - SINIFLAMA NUMARASI | |
| Sınıflama Numarası | 050 DER 184 |
| 222 ## - ANAHTAR ADI | |
| Anahtar Başlık | Folklor/edebiyat |
| 245 ## - BAŞLIK TABLOSU | |
| Başlık | Folklor/edebiyat=folklore/literature |
| Başlığın Kalan | Uluslararası hakemli dergi |
| Sorumluluk Tablosu, Vb | Uluslararası Kıbrıs Üniversitesi |
| 246 ## - UNVAN FORM VARYING | |
| Başlık Doğru / Kısa Başlığı | Folklor/ edebiyat |
| 260 ## - YAYIN, DAĞITIM, VB | |
| Yayın, Dağıtım, Vb Yeri | Lefkoşa |
| Yayıncı, Dağıtıcı, Vs Adı | Uluslararası Kıbrıs Üniversitesi |
| Yayın, Dağıtım, Vb Tarihi | 2017 |
| 300 ## - FİZİKSEL TANIM | |
| Kapsam | c. |
| Diğer Fiziksel Ayrıntıları | fotg. |
| Boyutlar | 24 sm. |
| 362 ## - YAYIN VE / VEYA SIRALI GÖREVLENDİRİLMESİNE TARİHLERİ | |
| Yayın Ve / Veya Ardışık Kullanım Amacı Tarihleri | cilt 23, sayı 91 |
| 650 ## - KONU KATMA GİRİŞ - TOPİKAL DÖNEM | |
| Topikal Süreli Veya Coğrafi Ad Giriş Elemanı | Folklor |
| Form Alt Bölümü | Süreli yayınlar |
| 650 ## - KONU KATMA GİRİŞ - TOPİKAL DÖNEM | |
| Topikal Süreli Veya Coğrafi Ad Giriş Elemanı | Edebiyat |
| Form Alt Bölümü | Süreli yayınlar |
| 710 ## - KATMA GİRİŞ - KURUMSAL ADI | |
| Giriş Elemanı Olarak Kurumsal Ad Veya Yargı Alanı Adı | Uluslararası Kıbrıs Üniversitesi |
| 910 ## - KULLANICI SEÇENEK, VERİLERİN (OCLC) | |
| Kullanıcı Seçenek Veri | DERGİ 184 |
| 942 ## - EKLENDİ GİRİŞ ELEMANLARI (KOHA) | |
| Sınıflandırma Veya Raf Düzeni Kaynak | Dewey Decimal Classification |
| Koha Öğesi Türü | Serials |
| Seri Kayıt Bayrağı | 1 |
| 999 ## - SİSTEM KONTROL NUMARALARI (KOHA) | |
| Koha Biblionumber | 11331 |
| Koha Biblioitemnumber | 11331 |
| 310 ## - MEVCUT YAYIN FREKANSI | |
| Güncel Yayın Frekansı | üç ayda bir yayımlanır. |
| 655 ## - INDEX DÖNEM - TÜR / FORMU | |
| -- | Dergi |
No items available.
